Total quality management : (Record no. 178944)

000 -LEADER
fixed length control field 00837 a2200217 4500
003 - CONTROL NUMBER IDENTIFIER
control field Nust
005 - DATE AND TIME OF LATEST TRANSACTION
control field 20221007164000.0
010 ## - LIBRARY OF CONGRESS CONTROL NUMBER
LC control number 2009360635
020 ## - INTERNATIONAL STANDARD BOOK NUMBER
International Standard Book Number 9789698535056
040 ## - CATALOGING SOURCE
Transcribing agency Nust
082 ## - DEWEY DECIMAL CLASSIFICATION NUMBER
Classification number 658,KHA
100 1# - MAIN ENTRY--PERSONAL NAME
Personal name Khan, Nawar.
245 10 - TITLE STATEMENT
Title Total quality management :
Remainder of title concepts, tools, systems and awards /
Statement of responsibility, etc. Nawar Khan.
250 ## - EDITION STATEMENT
Edition statement 1st ed.
260 ## - PUBLICATION, DISTRIBUTION, ETC.
Place of publication, distribution, etc. Rawalpindi :
Name of publisher, distributor, etc. Nust Publishing,
Date of publication, distribution, etc. 2008.
300 ## - PHYSICAL DESCRIPTION
Extent 304 p. :
Other physical details ill. ;
Dimensions 26 cm.
505 ## - FORMATTED CONTENTS NOTE
Formatted contents note The TQM Philosophies and Concepts (Page-3), The TQM Tools And Techniques (Page-73), Quality Management Systems (Page-133), The TQM Award Models (Page-197), Self Assessment Practice With A TQM Model (Page-238).
650 ## - SUBJECT ADDED ENTRY--TOPICAL TERM
Topical term or geographic name entry element Total quality management
710 2# - ADDED ENTRY--CORPORATE NAME
Corporate name or jurisdiction name as entry element National University of Sciences and Technology (Isl塭塢塤, Pakistan)
9 (RLIN) 99511
942 ## - ADDED ENTRY ELEMENTS (KOHA)
Source of classification or shelving scheme
Koha item type Book
Holdings
Withdrawn status Lost status Source of classification or shelving scheme Damaged status Not for loan Permanent Location Current Location Shelving location Date acquired Full call number Barcode Date last seen Price effective from Koha item type Public note
          Military College of Signals (MCS) Military College of Signals (MCS) Reference 12/12/2016 658,KHA MCS34589 12/08/2016 12/12/2016 Reference Almirah No.24, Shelf No.4
          Military College of Signals (MCS) Military College of Signals (MCS) General Stacks 12/12/2016 658,KHA MCS34590 12/08/2016 12/12/2016 Book Almirah No.42, Shelf No.4
© 2023 Central Library, National University of Sciences and Technology. All Rights Reserved.